Applied functional analysis

Αποθηκεύτηκε σε:
Λεπτομέρειες βιβλιογραφικής εγγραφής
Κύριος συγγραφέας: Griffel, D. H.
Μορφή: Βιβλίο
Γλώσσα:English
Δημοσίευση: Mineola, N.Y. : Dover, 2002, c1985
Σειρά:Dover books on mathematics
Θέματα:
Ετικέτες: Προσθήκη ετικέτας
Δεν υπάρχουν, Καταχωρήστε ετικέτα πρώτοι!

MARC

LEADER 00000nam a2200000 i 4500
001 1/53340
008 070831s2002 eng d
020 |a 0-486-42258-5 (pbk.) 
035 |l 10090260 
040 |a GR-MY-UA  |b gre  |e aacr 
041 0 |a eng 
082 0 |a 515.7  |2 (22) 
100 1 |a Griffel, D. H. 
245 1 0 |a Applied functional analysis /  |c D. H. Griffel 
260 |a Mineola, N.Y. :   |b Dover,   |c 2002, c1985 
300 |a 390 σ.;  |b σχ.;  |c 24 εκ. 
490 1 |a Dover books on mathematics 
504 |a Περιλαμβάνει βιβλιογραφικές παραπομπές 
650 0 0 |a Functional analysis. 
830 0 |a Dover books on mathematics 
852 |a INST  |b CHIOS  |e 20070831  |h 515.7 GRI  |p 005200025569  |q 005200025569  |t BK  |y 0 
901 |a BIBL2-2007-2 
909 |a Χ  |b 138897 
922 |a 2ΕΛΗ  |b 200708  |c ΕΠΕΑΕΚ2/ΤΜΟΔ  |d ΕΛΕΥΘΕΡΟΥΔΑΚΗΣ 
970 |a ΒΑΣΙΛΑΚΗ  |b ΝΙΚΗ  |z 2007/08/31